Countries NSYNC Visited - Statistics

General Stats
  • This quiz has been taken 32 times
  • The average score is 6 of 8
Answer Stats
Continent Country % Correct
North America Canada
97%
Europe Germany
97%
North America United States of America
93%
North America Mexico
86%
South America Brazil
83%
Asia Japan
83%
North America Bahamas
48%
Europe Netherlands
38%
No matching quizzes found
Score Distribution
Percent of People with Each Score
Percentile by Number Answered
Your Score History
You have not taken this quiz